000 00778cad a22002175a 4500
001 E153486
008 110802s2008 xxk f 000 0 eng d
035 _a(Sirsi) u153486
041 0 _aeng
100 1 _aJackson, Catherine
245 0 0 _aInvestor decision-making and property attributes
_h[electronic resource]
260 _aLondon
_bRICS
_c2008
490 0 _aRICS Findings in Built and Rural Environments
520 _aLooks at stock selection to discover the preferred property asset attributes.
521 _aAdvanced
651 4 _aUnited Kingdom
_y
690 _aPROPERTY-PROPERTY FINANCE AND INVESTMENT
700 1 _aOrr, Allison
856 4 0 _uhttps://www.rics.org/site/download_feed.aspx?fileID=3453&fileExtension=PDF
_zBroken link - not available
942 _n0
999 _c112547
_d112547